| 000 | 00979nam a22002897a 4500 | ||
|---|---|---|---|
| 003 | CHAP | ||
| 005 | 20220329133743.0 | ||
| 008 | 971013s1978 cr r 00010 spa d | ||
| 010 | _a10372 | ||
| 011 | _a11344 | ||
| 035 | _a10582 | ||
| 040 | _cCHAP | ||
| 090 | _aFolleto 6141 | ||
| 100 | 0 | 0 |
_aDalfelt, Arne _eComp _930942 |
| 245 | 1 | _aBibliografía selecta sobre manejo de áreas silvestres de utilidad para Centro América y el Caribe | |
| 260 |
_aTurrialba : _bCentro Agronómico Tropical de Investigación y Enseñanza, _c1978 |
||
| 300 | _a37 p | ||
| 590 |
_aBATCH-UPD _b10 _c20130110 _lUCH01 _h2136 |
||
| 590 |
_aBATCH-UPD _b10 _c20130410 _lUCH01 _h1445 |
||
| 590 |
_aBATCH-UPD _b10 _c20130914 _lUCH01 _h1139 |
||
| 590 |
_aCONVERSION _b10 _c20130109 _lUCH01 _h1307 |
||
| 650 | 1 | 4 |
_aRecursos naturales _xAmérica Latina. _995189 |
| 650 | 1 | 4 |
_aRecursos naturales _xBibliografía. _995209 |
| 901 | _aBK | ||
| 942 | _cFOLL | ||
| 949 |
_aFolleto 6141 _bBC _cFOLL _d-22262 _eTS1 _i10582 _si |
||
| 999 |
_c10372 _d10372 |
||